Statistics for Minecraft Quiz: All Potion Effects

Click here to take the quiz!

General Stats

  • This quiz has been taken 48 times
  • The average score is 9 of 17

Answer Stats

Answer% Correct
Strength
73%
Poison
68%
Night Vision
63%
Swiftness
63%
Slowness
60%
Weakness
60%
Healing
55%
Invisibility
55%
Regeneration
55%
Haste
53%
Water Breathing
53%
Fire Resistance
50%
Slow Falling
43%
Harming
40%
Turtle Master
38%
Leaping
35%
Decay
13%

Score Distribution

Percentile by Number Answered

Percent of People with Each Score

Your Score History

You have not taken this quiz